Statistiques concernant Trouve le film disney ou pixar #2

Cliquez ici pour prendre le quiz!

Statistiques générales

  • Ce quiz a été pris 811 fois
  • Le résultat moyen est 7 sur 10

Statistiques - réponses

HintIndiceRéponse% Correct
6Voiture, rougeCars
92%
1Chasseur, lapin, cerfBambi
90%
7Ballons, aventureLa haut
90%
3Chats, fortunes, parisLes aristochats
87%
2Pays imaginairePeter pan
87%
9Émotion, jeune filleVice versa
77%
4Rose, chateauLa belle et la bête
68%
5Océan, fille d'une princesseLa petite sirene 2
29%
10Famille de héros, père au foyerLes indestructibles 2
29%
8Fées, petite filleClochette et l'expedition féerique
10%

Distribution des résultats

Percentile par nombre de réponses

% des personnes avec chaque résultat

Votre développement - résultats

Vous n’avez pas pris ce quiz